| 000 | 00817nmm a2200301 a 4500 | ||
|---|---|---|---|
| 003 | AR-BaBNM | ||
| 005 | 20251128211608.0 | ||
| 008 | 154120s1997 ||||||||||||||000 | spa|| | ||
| 020 | _a84-87482-12.0 | ||
| 040 | _cAR-BaBNM | ||
| 110 | 2 | _aUniversidades de Madrid | |
| 245 | 1 | 0 | _aTextos de Filosofía COU |
| 260 |
_aMadrid _bEdiciones del Laberinto _c1997 |
||
| 300 | _a414 p. | ||
| 650 | 4 | _aENSENANZA DE LA FILOSOFIA | |
| 650 | 4 | _aFILOSOFOS | |
| 650 | 4 | _aHISTORIA DE LA FILOSOFIA | |
| 650 | 4 | _aFILOSOFIA | |
| 650 | 4 | _aANTROPOLOGIA | |
| 650 | 4 | _aETICA | |
| 650 | 4 | _aPENSAMIENTO OCCIDENTAL | |
| 650 | 4 | _aESCUELAS FILOSOFICAS | |
| 700 | 1 |
_aOrtega del Blanco, José _earreglos |
|
| 700 | 1 |
_aPérez Blázquez, Felipe _earreglos |
|
| 700 | 1 |
_aMuñoz, Pablo _ediseño |
|
| 942 | _cBK | ||
| 998 | _cEugenia | ||
| 999 |
_c20351 _d20351 |
||